| 000 | 01476nam a22004097a 4500 | ||
|---|---|---|---|
| 001 | 7292 | ||
| 003 | DO-SdBPM | ||
| 005 | 20250721101458.0 | ||
| 007 | ta | ||
| 008 | 971001s1996 sp | ||| ||spa | ||
| 020 | _a8437614511 | ||
| 040 |
_aDO-SdBPM _bspa _cBPMSU _erda |
||
| 041 | 1 | _aspa | |
| 082 | 4 |
_a833.8 _bD787h 1996 _222 |
|
| 100 | 1 |
_aDroste-Hülshoff, Annette von _d1794-1848. _eautor |
|
| 240 | 1 | 4 |
_aDie Judenbuche _lEspañol |
| 245 | 1 | 3 |
_aEl haya de los judíos : _bLedwina / _cAnnette von Droste-Hülshoff ; edición de Ana Isabel Almendral ; traducción de Ana Isabel Almendral |
| 264 |
_aMadrid : _bCátedra, _c1996 |
||
| 300 |
_a204 páginas : _bilustraciones ; _c20 cm. |
||
| 336 |
_atexto _btxt _2reacontent |
||
| 337 |
_asin mediación _bn _2rdamedia |
||
| 338 |
_avolumen _bn _2rdacarrier |
||
| 490 | 0 |
_aLetras universales, _v240 |
|
| 500 | _aBibliografía: págianas. 77-79 | ||
| 590 | _aInventariado, 2025/VM | ||
| 630 | 0 | 7 |
_aLedwina _xCrítica e interpretación. |
| 650 | 7 | _aNovela alemana. | |
| 650 | 7 | _aNovela policíaca alemana. | |
| 650 | 7 |
_aAsesinato _vNovela. |
|
| 651 | 7 |
_aAlemania _xCondiciones sociales _ySiglos XVIII-XIX. |
|
| 651 | 7 |
_aWestfalia (Alemania) _xVida social y costumbres _ySiglos XVIII-XIX. |
|
| 700 | 1 |
_aDroste-Hülshoff, Annette von _tLedwina _lEspañol |
|
| 700 | 1 |
_aAlmendral Oppermann, Ana Isabel _d1940- _eeditor |
|
| 740 | 0 | 2 | _aLedwina. |
| 910 | _aVMateo V. Control de calidad. BPMSU | ||
| 942 |
_2ddc _cBK |
||
| 999 |
_c8616 _d8616 |
||